000 00756nam a2200241 i 4500
003 DO-SdBNP
005 20240321112818.0
007 ta
008 110413s1999 cc a 000 j spa d
040 _aDO-SdBNP
_bspa
_cBNPHU
_erda
082 _bL937m
_222
100 1 _aLuciano López, Margarita,
_d1950-
_eautora
_984993
245 0 3 _aMatematica 2000 :
_boctavo grado de la educación básica /
_cMargarita Luciano de Sang
264 1 _aSanto Domingo :
_bSusaeta,
_c1999.
300 _a72 páginas ;
_bIlustraciones ;
_c27 cm.
336 _2rdacontent
_atexto
_btxt
337 _2rdamedia
_asin mediación
_bn
338 _2rdacarrier
_avolumen
_bnc
500 _aCuaderno de trabajo
590 _aInventariado, 2023/ DG
910 _aDG
942 _2ddc
_cLBS1
999 _c55607
_d55607